5HLuxD.jpg

KING HENRY VIII SENIOR AND PRIMARY SCHOOL LIBRARY OPAC

THE SHARK CALLER (Record no. 5356)

000 -LEADER
fixed length control field 00368nam a22001217a 4500
008 - FIXED-LENGTH DATA ELEMENTS--GENERAL INFORMATION
fixed length control field 250909b ||||| |||| 00| 0 eng d
020 ## - INTERNATIONAL STANDARD BOOK NUMBER
International Standard Book Number 9781474966849
082 ## - DEWEY DECIMAL CLASSIFICATION NUMBER
Classification number 823.92 BET
100 ## - MAIN ENTRY--PERSONAL NAME
Personal name BETHELL,ZILLAH
Relator term AUTHOR
Language of a work ENGLISH
245 ## - TITLE STATEMENT
Title THE SHARK CALLER
260 ## - PUBLICATION, DISTRIBUTION, ETC.
Place of publication, distribution, etc. 83-85 SAFFRON HILL,LONDON EC1N 8RT,ENGLAND
Name of publisher, distributor, etc. USBORNE PUBLISHING LTD.,USBORNE HOUSE
Date of publication, distribution, etc. 2021
942 ## - ADDED ENTRY ELEMENTS (KOHA)
Source of classification or shelving scheme
Holdings
Withdrawn status Lost status Source of classification or shelving scheme Damaged status Not for loan Collection code Permanent Location Current Location Shelving location Date acquired Total Checkouts Full call number Barcode Date last seen Date last checked out Price effective from Koha item type Public note
          Fiction KH8 Primary School Library KH8 Primary School Library Fiction 2025-09-09 1 823.92 BET KHPL000007143 2026-02-25 2026-01-28 2025-09-09 Books - Fiction PRIMARY LIBRARY

Powered By KH8 IT Dept